| 000 | 00600nam 22002053 4500 | ||
|---|---|---|---|
| 001 | 198130 | ||
| 010 | _a972-23-2270-2 | ||
| 021 | _b120410/98 | ||
| 090 | _a198130 | ||
| 100 | _a20250926d u||y0pory50 ba | ||
| 200 |
_aO Livro de Alice _fAlice Sturiale _gtradução de Maria Jorge Vilar de Figueiredo |
||
| 205 | _a1ª | ||
| 210 |
_aLisboa _cEditorial Presença _d1998 |
||
| 215 |
_a250 p. _cbrochado _d21 cm |
||
| 606 |
_955 _aLiteratura Juvenil Italiana |
||
| 675 |
_a821.131.1-93 _vPT _zpor |
||
| 700 |
_914130 _aSturiale _bAlice _f1983-1996 |
||
| 801 |
_aPT _bBMMN _gRPC |
||
| 830 | _cAna Caetano | ||
| 990 | _cLIVROS | ||